Quizzes
Events
Quiz Creation
Community
Videos
Private Events
Remove Ads
Sign In
Join for FREE
Feedback
Dark Mode
Quiz Categories
Sports
Geography
Music
Movies
Television
Just For Fun
Miscellaneous
History
Literature
Language
Science
Gaming
Entertainment
Religion
Holiday
For Kids
Quiz Lab
Recent
Popular Today
Quiz Kudos Today
Editor Picks
Curator Picks
Quizzes by...
Day
Popularity
Type
Ratings
Length
Year
Community
Subscriptions
Recent Discussions
Orange Saloon
Badges
Playlists
Quests
Create
Leaderboards
Showdown
Live 5
Trivia Bingo
Activity
Puzzle Library
Sporcle Events
Private Events
Virtual Trivia
Globe League
Become a Host
Pub Owners
SporcleCon
Opinionation
Our Games
Videos
Blog
Mobile Apps
Partnerships
Remove Ads and Go Orange
Feedback
Music
Pop Music
The Beatles
Song
Album
Lyrics
Bands
Singers
Artist
Clip
Rock
Rap
Classical
Billboard
Country Music
Kpop
Taylor Swift
Music
Pop Music
The Beatles
Song
Album
Lyrics
Bands
Singers
Artist
Clip
Rock
Rap
Classical
Billboard
Country Music
Kpop
Taylor Swift
Random Quiz
Search Sporcle
×
Quiz Lab
Quiz Lab
Music
Bands
Type answers based on single images at one time
Type answers based on single images at one time
Slideshow
Best Score? Go Orange.
Iconic Bands in LEGO Stats
Can you name the bands from their Lego recreations?
By
Hejman
5m
26 Questions
2,570 Plays
2,570 Plays
2,570 Plays
Comments
Comments
Give Quiz Kudos
Give Quiz Kudos
-
- Ratings
hide this ad
Replay
Link that replays current quiz
Next Quiz
Link to next quiz in quiz playlist
You Got
0%
They Got
Avg Score
35%
Avg Friend Score
Upgrade to see
Score Distribution
Jump to the score distribution portion of the page
Score
0/26
Timer
05:00
0
Plays Today
% Correct
Metallica
71.7%
Daft Punk
69.1%
Tupac
67.7%
The Beatles
64.7%
No Doubt
63%
Nirvana
61.3%
Ramones
58.6%
Green Day
56.9%
Led Zeppelin
56.9%
'N Sync
54.4%
One Direction
46.7%
Beastie Boys
45.4%
Foo Fighters
45%
% Correct
Jimi Hendrix
33.7%
Cypress Hill
20.9%
Backstreet Boys
18.6%
Muse
14.7%
Queens of the Stone Age
12%
The Clash
8.9%
Rage Against the Machine
8.5%
Pearl Jam
7.7%
Radiohead
7.2%
Franz Ferdinand
6.2%
Coldplay
4.5%
NOFX
4.2%
Pink Floyd
3.6%
Quiz Playlist
Details
Report
Send in Message
Add To Playlist
Slideshow:
Type answers based on single images at one time
Quiz Source
Last Updated: Aug 17, 2017
Quiz Scoreboard
CHALLENGE
Sign Up to Join the Scoreboard
Show All
Scores
Hide
Comments
May contain spoilers
Recently Published
Presidents Visiting Landmarks
by Hejman
History
7m
An Introduction to Baseball
by treessimontrees
Sports
5m
Movies - When Are They Set?
by FPL_Elf
Movies
5m
More to Explore
Quiz From the Vault
Featured Blog Post
Where Did the Easter Bunny Come From?
hide this ad
You Might Also Like...
Tags
Bands Quiz
Band Members
Band Name
Image Quiz
lego
Slideshow
Today's Top Quizzes in Music
Browse Music
hide this ad
Today's Top Quizzes in Bands
Browse Bands
Top Contributed Quizzes in Music
1
Taylor Swift All Songs (2024)
2
Guess the Artist- 70s Songs
3
Taylor Swift Logic Puzzle
4
KPOP LOGIC QUIZ
5
One Thing in Common: Music
6
2010s Album by Cover III
7
7-to-1: Billboard Hot 100 #1 Hits of 2010s
8
Guess the Taylor Swift song (Mystery Song)
9
Sorting Albums and Songs
10
2000s Album Cover Bunker
Explore More
Trending Topics
Marvel
Harry Potter
NBA
Crossword
Kpop
Disney
Anime
Puzzle
WWE
Soccer
Song
Country
The Office
Pokémon
NFL
hide this ad
More By:
Hejman
Quiz
Plays
Rating
Category
Featured
Created
College Sports Logos
565,554
4.30
Sports
Jan 2, 2010
Bible or Quran?
556,633
4.35
Religion
Sep 13, 2011
Un-evolved Logos
492,322
4.29
Miscellaneous
Oct 25, 2010
Harry Potter Family Tree
491,405
3.83
Literature
May 16, 2011
History by Bobblehead
446,062
4.00
History
Apr 23, 2010
Go to Creator's Profile
Score Distribution
Quiz Creator Spotlight
Hejman
Follow
Send a Message
Quizzes Created
-
Created Quiz Play Count
-
More By This Creator
Popular Quizzes Today
1
Find the US States - No Outlines Minefield
2
Find the Countries of Europe - No Outlines Minefield
3
The Countries of the World
4
Find the US States
5
Popular People in 1961
6
US States
7
Risky Map Clicking: Biggest States A-Z
8
1-10 Letter E Words III
More Music Quizzes
Missing Alphabet: Rappers
Published
Trending Quizzes
Risky Map Clicking: Least Populous States A-Z
1-10 Letter G Words
1-10 Letter F Words
One Thing in Common: United Kingdom
Risky Map Clicking: Next State Alphabetically
Recently Updated
Leaping Animals
pecheneg
Reality TV Shows (A-Z)
bhenderson79
Rickey Henderson's Hall of Fame Teammates
pecheneg
Champions League XIs: Arsenal
pecheneg
Quick Pick: Celebrities in WWE's Hall of Fame
aduchscher
A-Z Keypad Blitz II
pecheneg
Multiple Oscar Actors
pecheneg
Mystery Phrase Blitz: Oscar 'Best Actors'
pecheneg
F. Scott Fitzgerald Novels
LTH
Pick 3 Villains
ddd62291
Trending Topics
Kpop
Disney
Harry Potter
Crossword
NBA
Marvel
Anime
WWE
Song
Soccer
Puzzle
NFL
The Office
Pokémon
Country
Your Account Isn't Verified!
In order to create a playlist on Sporcle, you need to verify the email address you used during registration. Go to your
Sporcle Settings
to finish the process.
Report this User
Report this user for behavior that violates our
Community Guidelines
.
Details:
Send Report
Go to the Sporcle.com Mobile Site →
Comments